000 00902cam a2200253 4500
001 12958
005 20230410101628.0
008 060907s1995 dcu eng
020 _a0892062592
035 _9funglode13068
041 _aebg
050 1 4 _a110 E 183.8
_bH153 1995
082 0 0 _a327.7307294
245 0 0 _aHaitian frustrations :
_bdilemmas for U.S. policy : a report of the CSIS Americas program /
_ceditor, Georges A. Fauriol.
260 _aWashington D.C. :
_bCenter for Strategic & International Studies - CSIS,
_c1995
300 _a236 p. :
_bill., maps ;
_c28 cm.
440 0 _aCSIS report
651 0 _aUnited States
_xForeign relations
_zHaiti.
651 0 _aHaiti
_xForeign relations
_zUnited States.
651 4 _aEstados Unidos
_xRelaciones exteriores
_zHaití
651 4 _aHaití
_xRelaciones exteriores
_zEstados Unidos
700 1 _aFauriol, Georges A.
942 _2lcc
_cbk
999 _c11240
_d11240